A quel club appartient ce maillot N°2 - Statistiques

Statistiques générales
  • Ce quiz a été pris 426 fois
  • Le résultat moyen est 7 sur 10
Statistiques - réponses
Par images Réponse % Correct
Manchester City
95%
Arsenal
91%
Real De Madrid
89%
AS Monaco
88%
Inter Milan
85%
Barcelone
80%
Bayern Munich
76%
Marseille
67%
Everton
24%
Etoile Rouge de Belgrade
18%
Aucun quiz correspondant
Distribution des résultats
% des personnes avec chaque résultat
Percentile par nombre de réponses
Votre historique - résultats
Vous n’avez pas pris ce quiz